We've paid for it (Record no. 76884)
[ view plain ]
| 000 -LEADER | |
|---|---|
| fixed length control field | 01537cab a2200241 4500 |
| 001 - CONTROL NUMBER | |
| control field | ##L133243 |
| 008 - FIXED-LENGTH DATA ELEMENTS--GENERAL INFORMATION | |
| fixed length control field | 060424n2006 000 0 eng u |
| 035 ## - SYSTEM CONTROL NUMBER | |
| System control number | (Sirsi) u133243 |
| 041 0# - LANGUAGE CODE | |
| Language code of text/sound track or separate title | eng |
| 100 1# - MAIN ENTRY--PERSONAL NAME | |
| Personal name | Surgenor, Valerie |
| 245 00 - TITLE STATEMENT | |
| Title | We've paid for it |
| Remainder of title | what do you mean it's not ours? |
| 260 ## - PUBLICATION, DISTRIBUTION, ETC. | |
| Date of publication, distribution, etc. | 2006 |
| 490 #0 - SERIES STATEMENT | |
| Series statement | Journal of the Law Society of Scotland |
| Volume/sequential designation | 51(4) April 2006, 33-34(2) |
| 520 ## - SUMMARY, ETC. | |
| Summary, etc. | Explains that commissioning a website without paying due attention to the intellectual property rights relating to its design is fraught with pitfalls. Companies can find that it is the web developer who owns the copyright on their websites and not them. Discusses the concepts of authorship and ownership in this situation, the very limited intellectual property rights a company actually has and the different licence agreements for bespoke and off-the-shelf software. Recommends having a detailed licence agreement between the company and the developer in place before any work is carried out, thus ensuring the company's rights in the software from the beginning. |
| 590 ## - LOCAL NOTE (RLIN) | |
| Local note | IKA250406 |
| 650 24 - SUBJECT ADDED ENTRY--TOPICAL TERM | |
| Topical term or geographic name entry element | CLEARSPRINGS MANAGEMENT LTD V BUSINESSLINX LTD |
| 650 24 - SUBJECT ADDED ENTRY--TOPICAL TERM | |
| Topical term or geographic name entry element | SAPHENA COMPUTING LTD V ALLIED COLLECTION AGENCIES LTD |
| 650 24 - SUBJECT ADDED ENTRY--TOPICAL TERM | |
| Topical term or geographic name entry element | COPYRIGHT, DESIGNS AND PATENTS ACT 1988 S50A |
| 650 24 - SUBJECT ADDED ENTRY--TOPICAL TERM | |
| Topical term or geographic name entry element | COPYRIGHT, DESIGNS AND PATENTS ACT 1988 S50B |
| 650 24 - SUBJECT ADDED ENTRY--TOPICAL TERM | |
| Topical term or geographic name entry element | COPYRIGHT, DESIGNS AND PATENTS ACT 1988 S296A |
| 690 ## - LOCAL SUBJECT ADDED ENTRY--TOPICAL TERM (OCLC, RLIN) | |
| Topical term or geographic name as entry element | MANAGEMENT-BUSINESS MANAGEMENT-INFORMATION MANAGEMENT-BUSINESS COMMUNICATION MANAGEMENT |
| 942 ## - ADDED ENTRY ELEMENTS (KOHA) | |
| Suppress in OPAC | 0 |
| Withdrawn status | Lost status | Source of classification or shelving scheme | Damaged status | Not for loan | Home library | Current library | Shelving location | Date acquired | Total Checkouts | Full call number | Barcode | Date last seen | Copy number | Price effective from | Koha item type |
|---|---|---|---|---|---|---|---|---|---|---|---|---|---|---|---|
| Dewey Decimal Classification | London | London | Journal article | 24/04/2006 | L133243 | 133243-1001 | 06/08/2019 | 1 | 06/08/2019 | Journal article |